000 00556nam a2200205Ia 4500
003 OSt
005 20250609123036.0
008 210210b1986 xxu||||| |||| 00| 0 eng d
040 _cAL
041 _aKannada
082 _aK894.3 VASV
100 _aVASUNDHARA
_dವಸುಂಧರಾ
_9213482
245 _aVakula
_bವಕುಳ
260 _aBengaluru
_bHemanta Sahitya
_c1986
300 _a276
690 _aKannada Fiction
_9213483
700 _aAnandarajashekar
_dಆನಂದರಾಜಶೇಖರ್ tr
_9213484
906 _a039052
942 _2ddc
_cBK
999 _c89413
_d89413